| 000 | 00435nam a22001697a 4500 | ||
|---|---|---|---|
| 003 | MACL | ||
| 005 | 20160116132008.0 | ||
| 008 | 160116b xxu||||| |||| 00| 0 eng d | ||
| 040 | _cMACL | ||
| 041 | _aEnglish | ||
| 082 | _a825/KUM | ||
| 100 |
_aKumar Sandeep _932830 |
||
| 245 | _aNobel Laureate's Speeches Of Prize Acceptance | ||
| 260 |
_aLucknow _bNaveen Sahitya Books _c2010 |
||
| 650 |
_aLiterature _932831 |
||
| 942 |
_2ddc _cBK |
||
| 999 |
_c52598 _d52598 |
||